Sydney Train Stations - T3 Line (Bankstown Line) - Statistics

General Stats
  • This quiz has been taken 71 times
  • The average score is 27 of 33
Answer Stats
# Answer % Correct
6 Central
98%
7 Redfern
98%
3 Circular Quay
96%
5 Museum
96%
1 Town Hall
96%
20 Bankstown
93%
2 Wynyard
91%
4 St James
89%
12 Dulwich Hill
85%
21 Yagoona
85%
15 Campsie
83%
14 Canterbury
83%
25 Lidcombe
83%
33 Liverpool
83%
19 Punchbowl
83%
9 St Peters
83%
10 Sydenham
83%
11 Marrickville
80%
22 Birrong
78%
31 Cabramatta
78%
27 Chester Hill
76%
17 Lakemba
76%
26 Sefton
76%
24 Berala
74%
23 Regents Park
74%
8 Erskineville
72%
13 Hurlstone Park
72%
29 Villawood
72%
18 Wiley Park
72%
16 Belmore
67%
28 Leightonfield
67%
32 Warwick Farm
67%
30 Carramar
63%
No matching quizzes found
Score Distribution
Percent of People with Each Score
Percentile by Number Answered
Your Score History
You have not taken this quiz